000 00308nam a22001217a 4500
003 OSt
008 150215b xxu||||| |||| 00| 0 eng d
100 1 _aKarig,Captain Walter & Purdon,Commander Eric
041 _aeng
245 1 0 _aBattle Report Pacific War: Middle Phase
260 _b1946
_c1947
300 _a0 pages
999 _c671
_d671